al-Munjid al-abjadī. (Record no. 49841)

MARC details
000 -LEADER
fixed length control field 00582cam a22002051 4500
001 - CONTROL NUMBER
control field ne 67001807
003 - CONTROL NUMBER IDENTIFIER
control field DLC
005 - DATE AND TIME OF LATEST TRANSACTION
control field 20260227111835.0
008 - FIXED-LENGTH DATA ELEMENTS--GENERAL INFORMATION
fixed length control field 930921s1967 ie ab de 000 0 ara
010 ## - LIBRARY OF CONGRESS CONTROL NUMBER
LC control number ne 67001807
035 ## - SYSTEM CONTROL NUMBER
System control number (OCoLC)28971771
040 ## - CATALOGING SOURCE
Original cataloging agency DLC
Transcribing agency RPB
Modifying agency DLC
050 00 - LIBRARY OF CONGRESS CALL NUMBER
Classification number PJ6622
Item number .M8
245 03 - TITLE STATEMENT
Title al-Munjid al-abjadī.
260 ## - PUBLICATION, DISTRIBUTION, ETC.
Place of publication, distribution, etc. Bayrūt :
Name of publisher, distributor, etc. Dār al-Mashriq,
Date of publication, distribution, etc. 1967.
300 ## - PHYSICAL DESCRIPTION
Extent 10, 1174 p.
Other physical details ill. (same col.), col. maps.
Dimensions 21 cm.
500 ## - GENERAL NOTE
General note In Arabic.
650 #0 - SUBJECT ADDED ENTRY--TOPICAL TERM
Topical term or geographic name entry element Arabic language
General subdivision Dictionaries.
650 #0 - SUBJECT ADDED ENTRY--TOPICAL TERM
Topical term or geographic name entry element Encyclopedias and dictionaries, Arabic.

No items available.

Powered by Koha